| 000 | 00331cam a22001097a 4500 | ||
|---|---|---|---|
| 008 | 180718b1999 xxu||||| |||| 00| 0 eng d | ||
| 082 | _aT3055x54 C736 | ||
| 245 | _aCommercial and industrial guide, 1999-2000 | ||
| 260 |
_aNew Delhi _bIntegrated Databases (I) Ltd. _c1999 |
||
| 300 | _a445+p. | ||
| 650 | _aBusiness - Directories - India | ||
| 999 |
_c487200 _d487200 |
||